000 00454nam a2200193Ia 4500
003 OSt
005 20260113141537.0
008 221004b |||||||| |||| 00| 0 eng d
037 _cTB
040 _aAL
_cAL
_beng
041 _2eng
_aeng
084 _qAL
100 _aEdi Nagesh
_9626828
245 0 _aBhartiya Sahitya ka Samekik Itihaas
260 _c1989.
365 _b80.00
_cINR
942 _cTB
_2CC
_n0
999 _c1032933
_d1032933